000 00343nam a2200133Ia 4500
008 151001s9999||||xx |||||||||||||| ||und||
100 _aम स पारखे
245 _aराजराजेश्वर परशुराम
250 _a1
260 _bज.आ.मोंडकर
260 _c1966
300 _a123
365 _b23
999 _c960586
_d960583